000 00933nam a2200253 i 4500
001 20844
003 ES-MaACL
005 20250708063319.0
007 t|
008 021119e1858 xxk ||||1| eng d
080 _a914.60"18"
100 1 _aAdolphus, John Leycester,
_d1795-1862
_eaut
_9241227
245 1 0 _aLetters from Spain :
_bin 1856 and 1857 /
_cby John Leycester Adolphus.
260 _aLondon :
_bJohn Murray,
_c1858
300 _aXV, 409 páginas ;
_c21 cm.
530 _aDisponible en formato digital
651 4 _98185
_aEspaña-
_xDescripción-
_yS.XIX
852 _aES-MaACL
_jG-9601
_cSPP3
856 _uhttp://hdl.handle.net/10357/66341
_yVersión en línea
_z(Memoria Digital Vasca)
856 _uhttps://archive.org/details/lettersfromspai00adolgoog/page/n3/mode/2up
_yVersión en línea
_z(Internet Archive)
942 _2udc
_cMONANT
_n0
999 _c20844
_d20844